Útok na podzemie Chcú odkliať rozprávkové poklady

Podrobná bibliografia
Hlavný autor: lim (Autor)
Korporatívny autor: Rima Muráň (Rožňava, Slovensko) (Autor)
Médium: Článok
Jazyk:slovenčina
Predmet:

MARC

LEADER 00000nab a2200000 a 4500
001 vtls001006935
003 SK-MaSNL
005 20260304210539.0
008 040720e19951218xo 0 slo
035 |a RV7535 
040 |a RVGKPD  |b slo  |c RVGKPD  |e AACR2 
041 0 |a slo 
044 |a xo  |c SK 
080 |a 550.8  |2 1981 
100 0 |a lim  |4 aut  |9 1024427 
245 1 0 |a Útok na podzemie  |b Chcú odkliať rozprávkové poklady 
500 |a informácie 
610 2 7 |a Rima Muráň (Rožňava, Slovensko)  |2 SNK  |9 1024810 
650 0 7 |a ložiská nerastných surovín  |2 SNKPH  |9 67131 
651 7 |a Rožňava (Slovensko)  |2 SNKPHgeo  |9 17394 
655 7 |a periodikum  |2 SNKPH  |9 29553 
710 2 |a Rima Muráň (Rožňava, Slovensko)  |4 aut  |9 1024810 
773 0 8 |t Lúč  |g Roč. 4, č.292, 18.12.1995, s. 3 
852 |a ZVYKNI  |b KIS3GCP 
999 |c 3126513  |d 3128443